Liedtext - 1000 und 1 Nacht (Zoom!) - Klaus Lage Band - Statistiken

Allgemein
  • Dieses Quiz wurde 1.064 mal gespielt
  • Das Durchschnittsergebnis liegt bei 206 aus 287
Antwortstatistiken
Textquiz % Korrekt
Und
99%
und
99%
1000
96%
Nacht
96%
es
95%
gemacht
94%
hat
94%
Mal
94%
mal
94%
ist
93%
nich'
93%
nichts
93%
nix
93%
passiert
93%
Zoom
93%
berührt
92%
nicht
92%
ein
91%
Du
85%
du
85%
Wir
85%
wir
85%
1001
81%
den
81%
Ich
80%
ich
80%
war
79%
War
79%
Wär
79%
uns
78%
all
76%
das
76%
in
76%
dir
75%
wie
75%
bei
74%
dein
74%
war'n
74%
an
73%
Hab'
72%
hab'
72%
mir
72%
schon
72%
die
71%
Eltern
71%
mit
70%
nur
70%
was
70%
Was
70%
Abend
69%
ja
69%
Deine
68%
sind
68%
wollten
68%
dass
67%
meinen
67%
vertreiben
67%
wolltest
67%
bloß
66%
kenn'
66%
allein
65%
auch
65%
Freunde
65%
Geschwister
65%
Jahren
65%
kann
65%
So
65%
so
65%
zu
65%
damals
64%
gefahr'n
63%
im
63%
Kegeln
63%
kennen
63%
bleiben
62%
dich
62%
weiß
62%
doch
61%
Doch
61%
ham
61%
geh'n
60%
hab'n
60%
passieren
60%
nie
59%
Tanzen
59%
zwei
59%
beim
57%
ewig
57%
grad'
57%
wollten's
57%
riefst'
56%
Traum
56%
lange
55%
schliefst
54%
dacht'
53%
gespielt
52%
Indianer
52%
vorm
52%
der
51%
fernseh'n
51%
silberne
51%
Spange
51%
alles
50%
Alles
50%
Haar
50%
noch
50%
versteckt
50%
Als
49%
Büsche
49%
mich
49%
Fasching
48%
denn
47%
Hätt'
46%
jetzt
46%
riecht
46%
aus
45%
los
45%
neu
45%
warst
45%
wusst
45%
wusst'
45%
geseh'n
44%
ganz
43%
neben
43%
wird
43%
zuhaus'
43%
blieben
42%
gefühlt
42%
Erinnerst
40%
gar
40%
irgendwas
40%
dabei
38%
vertraut
38%
eigentlich
37%
von
37%
d'rauf
36%
eng
36%
gecheckt
36%
gekommen
36%
liegst
36%
logisch
36%
fast
35%
schäm
35%
Schlüssel
35%
wenn
35%
dazu
34%
erzählt
34%
neben'nander
33%
oft
32%
Problemen
32%
gefehlt
31%
geahnt
29%
aufgewühlt
28%
viele
25%
Nächte
24%
Keine übereinstimmenden Quizze gefunden
Verteilung der Resultate
Anzahl Personen mit jedem Resultat
Perzentil nach korrekt beantworteten Fragen
Ihre Resultats-Entwicklung
Sie haben dieses Quiz noch nicht gespielt